MARC

LEADER 00000cam a2200000 7i4500
001 0000003275
005 20050819.0
020 0 0 |a 9280810367 
090 0 0 |a 363.610917671   |b WAT 
245 1 0 |a Water management in Islam   |c edited by Naser I. Faruqui, Asit K. Biswas, and Murad J. Bino 
260 0 0 |a Tokyo   |a New York :   |b United Nations University Press ,   |c c2001. 
300 |a xxiv, 149 p. ;   |c 24 cm. 
440 0 0 |a Water resources management and policy series 
500 0 0 |a Based on the findings of the Workshop on Water Resources Management in the Islamic World, held in Amman, Jordan in Dec. 1998, organized by the International Development Research Centre. 
650 0 0 |a Water resources development   |x Government policy   |z Islamic countries. 
650 0 0 |a Water-supply   |z Africa, North   |x Management. 
650 0 0 |a Water-supply   |z Islamic countries   |x Management 
650 0 0 |a Water-supply   |z Middle East   |x Management 
700 1 1 |a Bino, Murad J. 
700 1 1 |a Biswas, Asit K. 
700 1 1 |a Faruqui, Naser I. 
710 2 1 |a International Development Research Centre (Canada) 
999 |a 0000006239   |b Monograph   |c Open Shelf   |e Default branch